000 00435nam a22001697a 4500
005 20230130152732.0
008 220209b ||||| |||| 00| 0 eng d
020 _a81-239-0614-5
041 _aeng
082 _a615.19 VYA-B
100 _aVYAS, S.P. AND DIXIT, V.K.
_96983
245 _aPHARMACEUTICAL BIOTECHNOLOGY
260 _aNEW DELHI
_bCBS PUBLICATIONS
300 _a674;p
650 _aPHARMACY
_xB.PHARMA
_97083
942 _cBK
999 _c7865
_d7863